000 00200nam a22000977a 4500
003 SGT
245 _aPeriodontology 2000
260 _aWilley Black well
_c2009-2010
300 _a276,256
942 _2ddc
_cBV
999 _c31268
_d31268